000 00351nam a2200133 i 4500
001 bg
100 1 _aMAJOR, Aleksander.
245 1 0 _aDynamics in civil engineering.
_nVol. 2,
_pFundations for hammers /
_cAleksander Major.
260 _aBudapest,
_c1980.
040 _cBPK
041 _apol
942 _cKS
008 s pl f |000 0 pol
999 _c20493
_d20493
856 _uhttp://koha.tu.koszalin.pl/cgi-bin/koha/opac-detail.pl?biblionumber=20493
_yKatalog online BPK